|
|
|
|
| LEADER |
02038nam a2200565 i 4500 |
| 001 |
nkc20223399744 |
| 003 |
CZ PrNK |
| 005 |
20220513123831.0 |
| 007 |
ta |
| 008 |
220304s2022 xr a f 000 0 cze |
| 015 |
|
|
|a cnb003399744
|
| 020 |
|
|
|a 978-80-7251-532-5
|q (brožováno)
|
| 035 |
|
|
|a (OCoLC)1315530165
|
| 040 |
|
|
|a BOA001
|b cze
|e rda
|
| 041 |
0 |
|
|a cze
|b cze
|b eng
|
| 043 |
|
|
|a e-xr---
|
| 045 |
|
|
|a y1y2
|
| 072 |
|
7 |
|a 351
|x Úkoly veřejné správy, správní opatření, legislativa
|2 Konspekt
|9 15
|
| 080 |
|
|
|a 351.74/.76+614.842
|2 MRF
|
| 080 |
|
|
|a 351.74.078.3
|2 MRF
|
| 080 |
|
|
|a 343.851:343.35
|2 MRF
|
| 080 |
|
|
|a (437.3)
|2 MRF
|
| 080 |
|
|
|a (048.8)
|2 MRF
|
| 100 |
1 |
|
|a Čáp, Jan
|7 jo20221147922
|4 aut
|
| 245 |
1 |
0 |
|a Aplikace zkoušky spolehlivosti /
|c Jan Čáp
|
| 250 |
|
|
|a Vydání: první
|
| 264 |
|
1 |
|a Praha :
|b Policejní akademie České republiky v Praze,
|c 2022
|
| 300 |
|
|
|a 84 stran :
|b barevné ilustrace ;
|c 24 cm
|
| 336 |
|
|
|a text
|b txt
|2 rdacontent
|
| 337 |
|
|
|a bez média
|b n
|2 rdamedia
|
| 338 |
|
|
|a svazek
|b nc
|2 rdacarrier
|
| 500 |
|
|
|a 200 výtisků
|
| 500 |
|
|
|a Přehled souvisejících právních předpisů
|
| 504 |
|
|
|a Obsahuje bibliografii a bibliografické odkazy
|
| 546 |
|
|
|a České a anglické resumé
|
| 648 |
|
7 |
|a 2011-2030
|7 ch1138626
|2 czenas
|
| 648 |
|
4 |
|a 2011-2021
|
| 650 |
0 |
7 |
|a bezpečnostní sbory
|7 ph394383
|z Česko
|y 2011-2030
|2 czenas
|
| 650 |
0 |
7 |
|a zkoušky spolehlivosti (policie)
|7 ph834928
|z Česko
|y 2011-2030
|2 czenas
|
| 650 |
0 |
7 |
|a boj proti korupci
|7 ph164240
|z Česko
|y 2011-2030
|2 czenas
|
| 650 |
0 |
9 |
|a safety forces
|z Czechia
|y 2011-2030
|2 eczenas
|
| 650 |
0 |
9 |
|a integrity testing (police)
|z Czechia
|y 2011-2030
|2 eczenas
|
| 650 |
0 |
9 |
|a corruption control
|z Czechia
|y 2011-2030
|2 eczenas
|
| 655 |
|
7 |
|a monografie
|7 fd132842
|2 czenas
|
| 655 |
|
9 |
|a monographs
|2 eczenas
|
| 910 |
2 |
|
|a BOA001
|b 2-1483.589
|
| 990 |
|
|
|a BK
|
| 995 |
|
|
|a 01
|
| 991 |
|
|
|b 202204
|c NOV
|
| 996 |
6 |
|
|b 2610897836
|c 2-1483.589
|l MZK
|r Sklad / do 1 hodiny
|n 0
|p p.v.
|w 001882013
|u 000010
|a 1
|e BOA001
|j MZK50
|s P
|